Bulk fill resin composites in dentistry (Registro nro. 10801)

000 -CABECERA
Campo de control de longitud fija 01824nam a22003377a 4500
003 - IDENTIFICADOR DEL NÚMERO DE CONTROL
Campo de control OSt
005 - FECHA Y HORA DE LA ÚLTIMA TRANSACCIÓN
Campo de control 20260327151058.0
008 - CÓDIGOS DE INFORMACIÓN DE LONGITUD FIJA
Campo de control de longitud fija 260327t2023 xxu||||| |||| 00| 0 eng d
020 ## - NÚMERO INTERNACIONAL NORMALIZADO PARA LIBROS (ISBN)
Número Internacional Normalizado para Libros (ISBN) 9783031163883
020 ## - NÚMERO INTERNACIONAL NORMALIZADO PARA LIBROS (ISBN)
Número Internacional Normalizado para Libros (ISBN) 9783031163876
040 ## - FUENTE DE LA CATALOGACIÓN
Centro catalogador de origen Unicoc
Lengua de catalogación spa
Centro que cataloga Bogotá (Dr. David Ordóñez Rueda) - Campus Norte
Centro modificador Bogotá (Dr. David Ordóñez Rueda) - Campus Norte
082 ## - NÚMERO DE LA CLASIFICACIÓN DECIMAL DEWEY
Número de clasificación 617.695
100 ## - PUNTO DE ACCESO PRINCIPAL - NOMBRE DE PERSONA
9 (RLIN) 12839
Nombre de persona Sabbagh, Joseph
245 ## - MENCIÓN DE TÍTULO
Título Bulk fill resin composites in dentistry
Subtitulo o Resto del título : a clinical guide
Mención de responsabilidad etc. / Joseph Sabbagh, Robert McConnell
250 ## - MENCIÓN DE EDICIÓN
Mención de edición 1 Ed.
260 ## - PUBLICATION, DISTRIBUTION, ETC. (IMPRINT)
Lugar de publicación distribución etc. Suiza :
Nombre del editor distribuidor etc. Springer ,
Fecha de publicación distribución etc. 2023.
300 ## - DESCRIPCIÓN FÍSICA
Extensión 192 páginas
Otras características físicas Diagramas, tablas
500 ## - NOTA GENERAL
Nota general Incluye referencias bibliográficas.
505 ## - NOTA DE CONTENIDO CON FORMATO
Título 1. General Introduction. --
-- 2. What are bulk fill (BF) composites and how do they differ from non BF composites?. --
-- 3. Bulk fill composites: adhesion and interfacial adaptation. --
-- 4. What happens when i irradiate a BFC?. --
-- 5. How do I select and deploy light curing units for BFC?. --
-- 6. Physical and mechanical properties of BFC’s. --
-- 7. Short fiber based filling composites. --
-- 8. Guidelines for achieving aesthetic posterior restorations using BFCs. --
-- 9. Clinical challenges and longevity of Bulk-Fill materials. --
-- 10. Bulk-Fill resin composites: recent avances and future perspectives.
526 ## - NOTA DE INFORMACIÓN SOBRE EL PROGRAMA DE ESTUDIO
Institución que aplica el campo Unicoc
546 ## - NOTA DE LENGUA
Nota de lengua Ingles
650 #0 - PUNTO DE ACCESO ADICIONAL DE MATERIA - TÉRMINO DE MATERIA
9 (RLIN) 61
Término de materia o nombre geográfico como elemento inicial Biomateriales
Subdivisión de materia general Odontología
650 #0 - PUNTO DE ACCESO ADICIONAL DE MATERIA - TÉRMINO DE MATERIA
9 (RLIN) 12841
Término de materia o nombre geográfico como elemento inicial Resinas en odontología
650 #0 - PUNTO DE ACCESO ADICIONAL DE MATERIA - TÉRMINO DE MATERIA
9 (RLIN) 159
Término de materia o nombre geográfico como elemento inicial Odontología estética
650 #0 - PUNTO DE ACCESO ADICIONAL DE MATERIA - TÉRMINO DE MATERIA
9 (RLIN) 11508
Término de materia o nombre geográfico como elemento inicial Adhesivos dentales
658 #0 - TÉRMINO DE INDIZACIÓN - OBJETIVO CURRICULAR
9 (RLIN) 8315
Programa Académico Programa de Odontología
658 #0 - TÉRMINO DE INDIZACIÓN - OBJETIVO CURRICULAR
9 (RLIN) 8073
Programa Académico Especialización en Prostodoncia
700 ## - PUNTO DE ACCESO ADICIONAL - NOMBRE DE PERSONA
9 (RLIN) 12840
Nombre de persona McConnell, Robert
856 ## - LOCALIZACIÓN Y ACCESO ELECTRÓNICOS
Texto del enlace Acceso online exclusivo para comunidad Unicoc.
Identificador Uniforme del Recurso (URI) https://unicoceduco-my.sharepoint.com/:b:/g/personal/direccionbiblioteca_unicoc_edu_co/IQATOrYIWS82SpfLJjcFlloQAcl7Lg-EBKTmpsUO8unmzqw
942 ## - ENTRADA PARA ELEMENTOS AGREGADOS (KOHA)
Fuente de clasificación o esquema de ordenación en estanterías
Koha [por defecto] tipo de item Libro electrónico
Existencias
Código de colección Fuente de clasificación o esquema de ordenación en estanterías No para préstamo Fecha última consulta Código de barras Estado de pérdida Precio Fecha de adquisición Tipo de item de Koha Fuente de adquisición Estropeado Fecha del precio de reemplazo Localización permanente Signatura completa Localización actual
Coleccion Online  2026-03-27Ebook10801 200000.002026-03-27Libro electrónicoCompra 2026-03-27Bogotá (Dr. David Ordóñez Rueda) - Campus Norte617.695Bogotá (Dr. David Ordóñez Rueda) - Campus Norte

© 2014 UNICOC | Institución Universitaria Colegios de Colombia - UNICOC
Bogotá D.C. Autopista Norte Km. 20. Teléfono:(571)6683535
Cali: Calle 13 Norte No. 3N-13. Teléfono: (572)6608887

Con tecnología de Koha